|
|
|
|
| LEADER |
01693nam a2200445 a 4500 |
| 001 |
EBC1125236 |
| 003 |
MiAaPQ |
| 005 |
20200520144314.0 |
| 006 |
m o d | |
| 007 |
cr cn||||||||| |
| 008 |
120518s2012 nyuab sb 001 0 eng d |
| 010 |
|
|
|z 2012019197
|
| 020 |
|
|
|z 9780415539692 (hbk)
|
| 020 |
|
|
|a 9780203107980 (electronic bk.)
|
| 035 |
|
|
|a (MiAaPQ)EBC1125236
|
| 035 |
|
|
|a (Au-PeEL)EBL1125236
|
| 035 |
|
|
|a (CaPaEBR)ebr10659408
|
| 035 |
|
|
|a (CaONFJC)MIL445379
|
| 035 |
|
|
|a (OCoLC)828298589
|
| 040 |
|
|
|a MiAaPQ
|c MiAaPQ
|d MiAaPQ
|
| 041 |
1 |
|
|a eng
|h swe
|
| 050 |
|
4 |
|a GE149
|b .R6313 2012
|
| 082 |
0 |
4 |
|a 304.2/8
|2 23
|
| 100 |
1 |
|
|a Wijkman, Anders,
|d 1944-
|
| 240 |
0 |
0 |
|a Stora fornekelsen.
|l English
|
| 245 |
1 |
0 |
|a Bankrupting nature
|h [electronic resource] :
|b denying our planetary boundaries /
|c Anders Wijkman and Johan Rockstrom.
|
| 250 |
|
|
|a Rev. ed.
|
| 260 |
|
|
|a Abingdon [England] ;
|a New York :
|b Routledge,
|c c2012.
|
| 300 |
|
|
|a xii, 206 p. :
|b ill., map.
|
| 500 |
|
|
|a "First edition published 2011 by Thomas Magnusson Medstroms Bokforlag, Stockholm, Sweden."
|
| 500 |
|
|
|a "A report to the club of Rome."--Cover.
|
| 504 |
|
|
|a Includes bibliographical references and index.
|
| 533 |
|
|
|a Electronic reproduction. Ann Arbor, MI : ProQuest, 2015. Available via World Wide Web. Access may be limited to ProQuest affiliated libraries.
|
| 650 |
|
0 |
|a Global environmental change.
|
| 650 |
|
0 |
|a Environmental policy.
|
| 650 |
|
0 |
|a Environmental protection.
|
| 655 |
|
4 |
|a Electronic books.
|
| 700 |
1 |
|
|a Rockstrom, Johan.
|
| 710 |
2 |
|
|a ProQuest (Firm)
|
| 856 |
4 |
0 |
|u https://ebookcentral.proquest.com/lib/matrademy/detail.action?docID=1125236
|z Click to View
|